| 000 | 01930nam a2200301Ia 4500 | ||
|---|---|---|---|
| 999 |
_c50327 _d50327 |
||
| 001 | 17268 | ||
| 003 | GE_BSU | ||
| 005 | 20200210121315.0 | ||
| 008 | 181216s2011ge xx |||||||||||||| ||geo|| | ||
| 020 | _a9789941416835 | ||
| 040 | _cGE_BSU | ||
| 041 | _ageo | ||
| 080 | _a1+821.353.1(092რობაქიძე გრ) გ-75 | ||
| 245 |
_aგრიგოლ რობაქიძე და თანამედროვე აზროვნება = Grigol Robakidze and contemporary thougtn / _cრედაქტორ-შემდგენლები : მამუკა თავხელიძე ; თენგიზ ირემაძე. |
||
| 250 | _a1-ლი ქართული გამოც. | ||
| 264 |
_aთბილისი : _bნეკერი, _c2011. |
||
| 300 |
_a143 გვ; _c14 სმ. |
||
| 300 | _bბიბლიოგრ. თავების ბოლოს და ტექსტ. შენიშვნ | ||
| 500 | _aდანართი: გვ. 125-131 | ||
| 501 | _aპირთა საძ.: გვ. 132-138. - | ||
| 504 | _aბიბლიოგრ. თავების ბოლოს და ტექსტ. შენიშვნ | ||
| 653 | _aგრიგოლ რობაქიძე და თანამედროვე აზროვნება | ||
| 653 | _aფილოსოფია | ||
| 700 |
_aთავხელიძე, მამუკა _eრედაქტორ-შემდგენელი _96931 |
||
| 700 |
_aირემაძე, თენგიზ _eრედაქტორ-შემდგენელი _92229 |
||
| 710 |
_eგრიგოლ რობაქიძის სახელობის უნივერსიტეტი. ფილოსოფიისა და სოციალურ მეცნიერებათა კვლევითი ინსტიტუტი _96936 |
||
| 942 |
_cBK _2udc |
||